Historia Potencial y otros ensayos (Record no. 1745)

MARC details
000 -LEADER
campo de control de longitud fija 00615nam a2200145 4500
008 - DATOS DE LONGITUD FIJA--INFORMACIÓN GENERAL
campo de control de longitud fija 779.99 AZ996h
020 ## - NÚMERO INTERNACIONAL ESTÁNDAR DEL LIBRO
Número Internacional Estándar del Libro 9786079651916
082 ## - NÚMERO DE LA CLASIFICACIÓN DECIMAL DEWEY
Número de clasificación 779.99
Número de ítem AZ996h
100 ## - ENTRADA PRINCIPAL--NOMBRE DE PERSONA
Nombre de persona Ariella Azoulay
9 (RLIN) 6951
245 ## - MENCIÓN DEL TÍTULO
Título Historia Potencial y otros ensayos
260 ## - PUBLICACIÓN, DISTRIBUCIÓN, ETC.
Lugar de publicación, distribución, etc. México
Nombre del editor, distribuidor, etc. CONACULTA
-- Taller de Ediciones Económicas
Fecha de publicación, distribución, etc. 2014
300 ## - DESCRIPCIÓN FÍSICA
Extensión 124 p.
Otras características físicas ill
Dimensiones 21 x 14 cm
505 ## - NOTA DE CONTENIDO CON FORMATO
Título Archivo
-- Historia Potencial: pensar a través de la violencia
-- Fotografías de lo inmostrable: Una introducción a las diferentes maneras para no decir deportación.
650 ## - PUNTO DE ACCESO ADICIONAL DE MATERIA--TÉRMINO DE MATERIA
Subdivisión general arte contemporáneo
-- fotografía
-- fotografía - política
9 (RLIN) 6952
Holdings
Estatus retirado Estado de pérdida Fuente del sistema de clasificación o colocación Estado de daño No para préstamo Biblioteca de origen Biblioteca actual Ubicación en estantería Fecha de adquisición Total de préstamos Signatura topográfica completa Código de barras Visto por última vez Precio de reemplazo Tipo de ítem Koha
    Clasificación Decimal Dewey     Biblioteca LadoV Biblioteca LadoV   14/03/2019   779.99 AZ996h 004719 14/03/2019 14/03/2019 Material 01